000 01893nam0a22003371 4500
001 rc\3123667
005 20120615094620.4
021 _aRU
_b[75-44582]
035 _a(NLR Aleph) 007312410
090 _a5823860
_c5823860
100 _a20120615d1975 |||y0rusy50 ca
101 0 _arus
102 _aRU
105 _aa z |||||
200 1 _aПланировка и застройка крупных комплексов курортно-оздоровительных учреждений
_e(Обзор)
_fГос. ком. по гражд. стр-ву и архитектуре при Госстрое СССР. Центр науч.-техн. информации по гражд. стр-ву и архитектуре
210 _aМосква
_c[ЦНТИ по гражд. стр-ву и архитектуре]
_d1975
215 _a42 с.
_cчерт.
_d21
225 1 _aСерия "Общественные здания"
300 _aСост. указаны на обороте тит. л.: архит. В.А. Орзул и канд. архитектуры Э.А. Тхор
320 _aСписок лит.: с. 40-41
606 _aЗоны отдыха
_xПланировка и строительство
_2psbo
606 _aКурорты
_xПланировка и строительство
_2psbo
606 _aТуристские центры
_xПланировка и строительство
_2psbo
700 1 _aОрзул
_bВ. А.
_gВладимир Александрович
701 1 _aТхор
_bЭ. А.
_gЭрика Александровна
712 0 2 _aЦентр научно-технической информации по гражданскому строительству и архитектуре
_cМосква
_3RU\NLR\AUTH\889927707
801 0 _aRU
_bNLR
_gpsbo
801 1 _aRU
_bELAR
_2rusmarc
852 _aNLR
_j75-6/2655
942 _cBOOK
980 _aNB